| 000 | 00671nam a2200193Ia 4500 | ||
|---|---|---|---|
| 003 | GCL | ||
| 008 | 140319s9999 xx 000 0 ara d | ||
| 040 |
_aGCL / _cGCL |
||
| 082 | 0 | 4 |
_aع _b621.3804 _bف ع |
| 100 | 1 | _aفاروق سيد حسين | |
| 245 | 1 | 0 |
_aعالم الاتصالات اللاسلكية والاجهزة الالكترونية / _cفاروق سيد حسين |
| 260 |
_a[S.N] : _bدار الراتب الجامعية |
||
| 300 | _aمتعدد الترقيم | ||
| 490 | _a | ||
| 650 | 0 | 4 | _aالاجهزة الالكترونية |
| 650 | 0 | 4 | _aالاتصالات |
| 650 | 0 | 4 | _aالاتصالات السلكية واللاسلكية |
| 942 |
_2ddc _cBK |
||
| 999 |
_c30373 _d30373 |
||